The Ethics of Cloning : (Record no. 591168)

MARC details
000 -LEADER
fixed length control field 00477nam a2200181 a 4500
008 - FIXED-LENGTH DATA ELEMENTS--GENERAL INFORMATION
fixed length control field 251007s2009##################000#0#eng##
020 ## - INTERNATIONAL STANDARD BOOK NUMBER
ISBN 9780737743128
082 04 - DEWEY DECIMAL CLASSIFICATION NUMBER
Classification number 176
Item number HAU
100 1# - MAIN ENTRY--AUTHOR NAME
Personal name Haugen, David M.,
245 10 - TITLE STATEMENT
Title The Ethics of Cloning :
260 ## - PUBLICATION, DISTRIBUTION, ETC. (IMPRINT)
Name of publisher Greenhaven Publishing,
Year of publication 2009.
650 #0 - SUBJECT ADDED ENTRY--TOPICAL TERM
Topical Term Health & Fitness.
942 ## - ADDED ENTRY ELEMENTS (KOHA)
Koha item type English Books
Holdings
Withdrawn status Lost status Damaged status Not for loan Home library Current library Shelving location Date acquired Full call number Accession Number Price effective from Koha item type
        Anna Centenary Library Anna Centenary Library 3RD FLOOR, A WING 07.10.2025 176 HAU 203202 07.10.2025 English Books

Find us on the map